• 首页
  • 本馆介绍
  • 公告通知
  • 最新文献
  • 馆藏检索
  • 电子资源
  • 读者导购
  • 参考咨询
  • 我的图书馆
  • 登录
  • 详细信息显示
  • 放入我的书架
  • 预约/预借图书
  • 作者相关作品
  • 分类相关作品
  • 丛书相关作品
  • 出版社相关作品

书目信息

  • 表格格式
  • 工作单格式
  • 卡片格式
题名:
铁路与华北乡村社会变迁
    
 
作者: 熊亚平 著
分册:  
出版信息: 北京   人民出版社  2011.09
页数: 362页
开本: 21cm
丛书名: 20世纪中国乡村社会变迁丛书
单 册:
中图分类: D693.7 , F532.9
科图分类:
主题词: 铁路运输--影响--乡村--社会变迁--华北地区--1880-1937 , 铁路运输 , 乡村 , 社会变迁
电子资源:
ISBN: 978-7-01-010295-5
000 01030oam2 2200301 450
001 010700116891
005 20120612085133.06
010    @a978-7-01-010295-5@dCNY29.00
100    @a20111123d2011 em y0chiy50 ea
101 0  @achi
102    @aCN@b110000
105    @ak z 000yy
106    @ar
200 1  @a铁路与华北乡村社会变迁@9tie lu yu hua bei xiang cun she hui bian qian@e1880-1937@f熊亚平著
210    @a北京@c人民出版社@d2011.09
215    @a362页@d21cm
225 2  @a20世纪中国乡村社会变迁丛书
330    @a本书共分为九章,主要内容包括:晚清交通体系与华北乡村社会、铁路与华北交通体系的重组、铁路与近代工矿业的起步、铁路与城乡市场体系的重构等。
461  0 @12001 @a20世纪中国乡村社会变迁丛书@1701 0@a王先明@4主编
606 0  @a铁路运输@x影响@x乡村@x社会变迁@y华北地区@z1880-1937
606 0  @a铁路运输
606 0  @a乡村
606 0  @a社会变迁
690    @aD693.7@v4
690    @aF532.9@v4
701  0 @a熊亚平@9xiong ya ping@4著
801  0 @aCN@bRENTIAN@c20111123
905    @b539871-75@dD693.7@e160@f5
    
    铁路与华北乡村社会变迁:1880-1937/熊亚平著.-北京:人民出版社,2011.09
    362页;21cm.-(20世纪中国乡村社会变迁丛书)
    
    
    ISBN 978-7-01-010295-5:CNY29.00
    本书共分为九章,主要内容包括:晚清交通体系与华北乡村社会、铁路与华北交通体系的重组、铁路与近代工矿业的起步、铁路与城乡市场体系的重构等。
●
相关链接 在E读中查询图书 在五车中查询图书 在当当中查询图书 在豆瓣中查询图书


正题名:铁路与华北乡村社会变迁     索取号:D693.7/160         预约/预借

序号 登录号 条形码 馆藏地/架位号 状态 备注
1 539871   205398719   第一样本阅览室/ [索取号:D693.7/160] 在馆    
2 539872   205398728   第一借阅区/ [索取号:D693.7/160] 在馆    
3 539873   205398737   第一借阅区/ [索取号:D693.7/160] 在馆    
4 539874   205398746   第一借阅区/ [索取号:D693.7/160] 在馆    
5 539875   205398755   第一借阅区/ [索取号:D693.7/160] 在馆    
唐山师范学院图书馆 欢迎您!
大连网信软件有限公司© 版权所有